Portraits of the Ptolemies : Greek kings as Egyptian pharaohs

Αποθηκεύτηκε σε:
Λεπτομέρειες βιβλιογραφικής εγγραφής
Κύριος συγγραφέας: Stanwick, Paul Edmund
Μορφή: Βιβλίο
Γλώσσα:English
Δημοσίευση: Austin : University of Texas Press, [c2002]
Θέματα:
Ετικέτες: Προσθήκη ετικέτας
Δεν υπάρχουν, Καταχωρήστε ετικέτα πρώτοι!

MARC

LEADER 00000cam a2200000 i 4500
001 1/47182
008 070629s2002 txu| ||| |||| ||eng||
020 |a 0292777728 
035 |l 10088573 
040 |a GR-MyUa  |b gre  |e AACR2 
041 0 |a eng 
082 7 |a 731.82   |2 (22) 
100 1 |a Stanwick, Paul Edmund. 
245 1 0 |a Portraits of the Ptolemies :   |b Greek kings as Egyptian pharaohs /   |c Paul Edmund Stanwick. 
260 |a Austin :   |b University of Texas Press,   |c [c2002] 
300 |a xviii, 236 σ. ;   |c 29 εκ. 
504 |a Περιλαμβάνει βιβλιογραφίες και ευρετήριο. 
600 3 0 |a Ptolemaic dynasty,   |d 305 B.C.-30 B.C.  |x Portraits. 
650 0 |a Portraits, Hellenistic  |z Egypt. 
650 0 |a Portrait sculpture, Egyptian  |x Themes, motives. 
852 |a INST  |b RHODES  |e 20070629  |h 731.82 STA  |p 005400026382  |q 005400026382  |t BK  |y 0 
901 |a BIBL4-2007-2 
922 |a 4ΕΛΗ  |b 200706  |c ΕΠΕΑΕΚ2/ΤΜΣ  |d Σ. ΠΑΤΑΚΗΣ 
970 |a ΜΙΣΣΟΣ  |b ΣΤΑΥΡΟΣ  |z 2007/06/29